000 01047cas a22002897a 4500
005 20220329142323.0
008 000621u1988 cr zr pernn 0 b1spa d
010 _a81667
011 _a82639
035 _a93138
245 0 0 _aContribuciones del IICA a la Literatura Agrícola :
_bResúmenes
_c/por Instituto Interamericano de Cooperación para la Agricultura
260 0 _aSan José, C.R. :
_bInstituto Interamericano de Cooperación para la Agricultura,
_c1988-
300 _av.
310 _aIrregular
362 _av.3 n.3, 1990.
500 _aSe dejó de recibir a partir del v.4 n. 2 de 1991.
590 _aBATCH-UPD
_b10
_c20130110
_lUCH01
_h2357
590 _aBATCH-UPD
_b10
_c20130410
_lUCH01
_h1643
590 _aCONVERSION
_b10
_c20130109
_lUCH01
_h1345
650 1 4 _aAgricultura
_xInvestigacion
_xPublicaciones periodicas.
_91661
866 _av.1 n.1-4 (1988-1989)
866 _av.2 n.1-4 (1989)
866 _av.3 n.3-4 (1990)
866 _av.4 n.1-2 (1991)
901 _aSE
905 _aLilia Sánchez G.
999 _c81667
_d81667